| 000 | 00463nam a22001457a 4500 | ||
|---|---|---|---|
| 082 | _a621.3 | ||
| 100 | _aRiaz, Muhammad Mohsin | ||
| 245 |
_aThrough Wall Image Enhancement / _cMuhammad Mohsin Riaz |
||
| 260 |
_aIslamabad : _bMCS - NUST, _c2013. |
||
| 300 |
_a100 p. : _bill. ; _c30cm. |
||
| 650 |
_aElectrical Engineering Ph. D Thesis. _918599 |
||
| 700 |
_aDr. Abdul Ghafoor _916207 |
||
| 942 |
_2ddc _cTHE |
||
| 999 |
_c540906 _d540906 |
||